Inés de Suárez: Acción dramático histórica en cuatro episodios y romance heroico

Na minha lista:
Detalhes bibliográficos
Autor principal: Guerra, Giuseppe (Author)
Formato: Livro
Idioma:espanhol
Publicado em: Santiago Imprenta San Francisco 1941
Edição:1a. ed
Assuntos:
Tags: Adicionar Tag
Sem tags, seja o primeiro a adicionar uma tag!

MARC

LEADER 00000nam a2200000 a 4500
001 UCJ4980
003 CL-VaPUC
008 070124e19410000CL |||||||||||||||||spa|d
082 0 4 |a Ch862  |b GUE  |2 21 
100 |a Guerra, Giuseppe  |e author  |9 526490 
245 1 0 |a Inés de Suárez: Acción dramático histórica en cuatro episodios y romance heroico 
250 |a 1a. ed 
300 |a 176 p 
942 |c BK 
945 |d 20070124 00:00:00  |a rinostro 
260 |a Santiago  |b Imprenta San Francisco  |c 1941 
650 7 |a TEATRO HISTORICO  |2 CL-VaPUC  |9 509592 
583 |a last modification  |c 20070124 00:00:00  |k Rodrigo Vera 
999 |c 321094  |d 321092 
952 |0 0  |1 0  |4 0  |6 CH_862_000000000000000_GUE_1941  |7 0  |8 X  |9 399757  |a FDOBUD  |b FDOBUD  |d 2019-11-22  |i 1028472  |o Ch862 GUE 1941  |p 1028472  |r 2019-11-22  |w 2019-11-22  |y BK_X  |k BUD